000 01218nam a2200337 a 4500
005 20200104041530.0
008 140304b2001 ck do gr|||| 00| 0 spa d
040 _aCO-BoIAVH
_cCO-BoIAVH
041 _aspa
044 _ack
082 0 4 _a333.95822
_bF31c
100 1 _aFeliciano Cáceres, José Orlando
245 1 0 _aCómo salvar una especie en vía de extinción
_bresultados y experiencias del programa cóndor Andino Colombia
260 _aBogotá
_bInter-American Development Bank
_bRenaSer
_bMinambiente
_c2001
300 _a263 paginas:
_bTablas, fotografías.
_c20 x 14 cm.
650 4 _aEspecies en peligro
650 4 _aExtinción
650 4 _aPrograma Condor andino
650 4 _aEcología de poblaciones
650 4 _aCategorías UICN
650 4 _aConservación ex situ
650 4 _aEducación ambiental
650 _aConservación in situ
650 4 _aRestauración de poblaciones
650 _aManual de métodos
662 _aColombia
700 1 _aRodríguez Rodríguez, Daniel
700 1 _aGómez, Beatriz
710 2 _aFundación de Recursos Naturales- RenaSer
942 _cLIBRO
_2ddc
999 _c2249
_d2249